000
00304nam a22001337a 4500
008
170619b xxu||||| |||| 00| 0 eng d
020
_a
9780312437367
041
_a
eng
080
_2
6 ED
_a
94
100
_a
20
101
_a
SHP
245
_a
DERTINE THE ARAB CONFLICT
_c
SMITH.CH.D
942
_2
udc
_c
BK
999
_c
18016
_d
18016